La Mano 1.9-Canon - Statistiques

Statistiques générales
  • Ce quiz a été pris 178 fois
  • Le résultat moyen est 197 sur 372
Statistiques - réponses
Réponse % Correct
canon
99%
ma
96%
elle
92%
mais
91%
sa
91%
copine
90%
est
89%
sexy
86%
la
82%
l'a
82%
de
81%
c'est
74%
le
74%
a
73%
à
73%
me
70%
mano
69%
pas
68%
qui
67%
les
62%
les
62%
pour
62%
un
60%
en
59%
ils
57%
lui
57%
rien
56%
comme
55%
pourquoi
54%
savoir
54%
veulent
54%
nous
53%
haineux
52%
passé
52%
bande
51%
devant
51%
l'anneau
51%
des
50%
même
50%
plus
50%
si
50%
ta
49%
ta
49%
j'vais
47%
Upamecano
47%
bousiller
46%
défense
46%
j'ai
46%
j'ai
46%
va
45%
solide
44%
j'suis
43%
opps
43%
mécano
42%
méchants
42%
outils
42%
sur
42%
canal
41%
Canal
41%
on
41%
boîte
38%
R.A.T
38%
te-te
38%
te-tê
38%
Ngannou
36%
allô
35%
appel
35%
bientôt
35%
Francis
35%
dans
34%
encore
33%
tu
33%
galère
32%
manqué
32%
mon
32%
une
32%
gens
31%
tape
31%
connaissent
29%
baise
28%
Barcola
28%
du
28%
love
28%
tej
28%
tté-gra
28%
vivre
28%
veut
27%
fait
26%
tes
26%
charo
25%
chocolat
25%
miel
25%
cala
24%
coup
24%
ennemis
24%
parle
24%
pourtant
24%
Bradley
23%
devient
23%
leur
23%
m'appelle
23%
boîter
22%
faut
22%
cané
20%
galoche
20%
j'me
20%
pris
20%
qu'on
20%
savent
20%
scène
20%
traquer
20%
finir
18%
mains
18%
malheurs
18%
ramènes
18%
toujours
18%
bitche
17%
dm
17%
d'rein
17%
enlève
17%
gants
17%
j'viens
17%
que
17%
1.9
16%
au
16%
d'éclater
16%
grr
16%
leurs
16%
refait
16%
s'il
16%
zifu
16%
manquer
15%
mis
15%
mouiller
15%
mucho
15%
qu'à
15%
j'remets
14%
pes-sa
14%
pire
14%
plata
14%
train
14%
tyson
14%
9.1
13%
bébé
13%
d'me
13%
fais
13%
j'flop
13%
j'v-esqui
13%
noir
13%
peine
13%
sais
13%
tout
13%
d'vie
12%
bitchies
11%
b'soin
11%
dehors
11%
direct
11%
Kanan
11%
manières
11%
chargé
10%
déjà
10%
l'abattoir
10%
mort
10%
perte
10%
casa
9%
chaud
9%
cogné
8%
garde
8%
kata
8%
sauces
8%
vamos
8%
legging
5%
pes-stu
5%
j'peyx
0%
Aucun quiz correspondant
Distribution des résultats
% des personnes avec chaque résultat
Percentile par nombre de réponses
Votre historique - résultats
Vous n’avez pas pris ce quiz